[Event "Arak op 15th"]
[Site "Arak"]
[Date "2016.08.14"]
[Round "6"]
[White "Soozankar, Amir Mohammad"]
[Black "Moghadam, Alireza"]
[Result "1-0"]
[WhiteElo "2334"]
[BlackElo "2046"]
[PlyCount "43"]
[EventDate "2016.08.11"]
[EventType "swiss"]
[EventRounds "11"]
[EventCountry "IRI"]
[SourceTitle "CBM 173 Extra"]
[Source "ChessBase"]
[SourceDate "2016.08.29"]
[SourceVersion "1"]
[SourceVersionDate "2016.08.29"]
[SourceQuality "1"]

1. e4 d6 2. d4 g6 3. Nc3 Nf6 4. f4 Bg7 5. e5 dxe5 6. dxe5 Qxd1+ 7. Kxd1 Ng4 8. Ke1 c6 9. h3 Nh6 10. g4 f5 11. exf6 Bxf6 12. Ne4 Nf7 13. Rh2 Nd6 14. Nxf6+ exf6 15. b3 0-0 16. Re2 c5 17. Ba3 Nd7 18. Rd1 Nb5 19. Bb2 Nc7 20. Re7 Re8 21. Rxe8+ Nxe8 22. Bb5 1-0

[Event "Iran-ch U20"]
[Site "Semnan"]
[Date "2016.04.24"]
[Round "6.3"]
[White "Moghadam, Alireza"]
[Black "Hamidi, Amir Mohammad"]
[Result "1/2-1/2"]
[WhiteElo "2031"]
[BlackElo "2209"]
[PlyCount "70"]
[EventDate "2016.04.20"]
[EventType "swiss"]
[EventRounds "9"]
[EventCountry "IRI"]
[SourceTitle "EXT 2024"]
[Source "ChessBase"]
[SourceDate "2023.10.10"]
[SourceVersion "1"]
[SourceVersionDate "2023.10.10"]
[SourceQuality "1"]

1. c4 Nf6 2. Nf3 c5 3. e3 g6 4. Nc3 Bg7 5. d4 cxd4 6. exd4 0-0 7. Be2 d5 8. 0-0 dxc4 9. Bxc4 a6 10. a4 Ne8 11. Re1 Nd6 12. Bb3 Nd7 13. Nd5 e6 14. Bg5 Nf6 15. Nxf6+ Bxf6 16. Bh6 Re8 17. Bf4 Nf5 18. Be5 Bxe5 19. Rxe5 Qf6 20. Qd2 Bd7 21. Qf4 Kg7 22. d5 exd5 23. Bxd5 Nd6 24. Qd4 Nf5 25. Qf4 Nd6 26. Qd4 Rxe5 27. Nxe5 Rc8 28. Bxb7 Nxb7 29. Qxd7 Rc2 30. Qxb7 Qxe5 31. Qxa6 Qxb2 32. Rf1 Qd4 33. Qb5 Ra2 34. a5 Qa7 35. Qe5+ f6 1/2-1/2

[Event "Iran-ch U20"]
[Site "Semnan"]
[Date "2016.04.24"]
[Round "7.3"]
[White "Moradi, Amirmasoud"]
[Black "Moghadam, Alireza"]
[Result "1-0"]
[WhiteElo "2221"]
[BlackElo "2031"]
[PlyCount "29"]
[EventDate "2016.04.20"]
[EventType "swiss"]
[EventRounds "9"]
[EventCountry "IRI"]
[SourceTitle "EXT 2024"]
[Source "ChessBase"]
[SourceDate "2023.10.10"]
[SourceVersion "1"]
[SourceVersionDate "2023.10.10"]
[SourceQuality "1"]

1. e4 c5 2. Nf3 Nc6 3. d4 cxd4 4. Nxd4 e6 5. Nc3 a6 6. a3 Qc7 7. Be3 Nge7 8. Ndb5 axb5 9. Nxb5 Qa5+ 10. b4 Nxb4 11. axb4 Qxb4+ 12. c3 Rxa1 13. Qxa1 Qb3 14. Nd6+ Kd8 15. Qa5+ 1-0

[Event "Iran-ch U20"]
[Site "Semnan"]
[Date "2016.04.22"]
[Round "3.3"]
[White "Gholami, Aryan"]
[Black "Moghadam, Alireza"]
[Result "1-0"]
[WhiteElo "2429"]
[BlackElo "2031"]
[PlyCount "97"]
[EventDate "2016.04.20"]
[EventType "swiss"]
[EventRounds "9"]
[EventCountry "IRI"]
[SourceTitle "EXT 2024"]
[Source "ChessBase"]
[SourceDate "2023.10.10"]
[SourceVersion "1"]
[SourceVersionDate "2023.10.10"]
[SourceQuality "1"]

1. c4 e6 2. Nc3 Nf6 3. d4 d5 4. Nf3 c6 5. e3 Nbd7 6. Bd3 Bd6 7. 0-0 0-0 8. e4 dxe4 9. Nxe4 Nxe4 10. Bxe4 Qc7 11. Bc2 Bf4 12. Be3 b6 13. Qd3 g6 14. Qe4 Bd6 15. Qh4 Re8 16. Ng5 Nf6 17. c5 Bf8 18. Bf4 Qd8 19. Be5 h6 20. Ne4 Nxe4 21. Qxe4 Qd5 22. Qf4 Bg7 23. Be4 Qd7 24. Bxg7 Kxg7 25. Qe5+ Kg8 26. h4 Bb7 27. h5 f5 28. Bc2 Qg7 29. hxg6 Qxe5 30. dxe5 Rad8 31. Bb3 bxc5 32. Rac1 Kg7 33. Rxc5 Kxg6 34. f4 Kf7 35. Bd1 Rg8 36. Bf3 Rd2 37. Rf2 Rxf2 38. Kxf2 Ke7 39. b4 Kd7 40. Rc1 Ba8 41. Rd1+ Ke7 42. Rh1 Rh8 43. Ke3 Bb7 44. b5 Kd7 45. Rd1+ Kc7 46. bxc6 Bc8 47. Kd4 Rd8+ 48. Kc5 Rxd1 49. Bxd1 1-0

[Event "Iran-ch U20"]
[Site "Semnan"]
[Date "2016.04.21"]
[Round "2.3"]
[White "Moghadam, Alireza"]
[Black "Gholami Orimi, Mahdi"]
[Result "1/2-1/2"]
[WhiteElo "2031"]
[BlackElo "2271"]
[PlyCount "99"]
[EventDate "2016.04.20"]
[EventType "swiss"]
[EventRounds "9"]
[EventCountry "IRI"]
[SourceTitle "EXT 2024"]
[Source "ChessBase"]
[SourceDate "2023.10.10"]
[SourceVersion "1"]
[SourceVersionDate "2023.10.10"]
[SourceQuality "1"]

1. c4 Nf6 2. Nf3 e6 3. Nc3 d5 4. e3 c5 5. d4 Nc6 6. a3 cxd4 7. exd4 dxc4 8. Bxc4 Be7 9. 0-0 0-0 10. Bg5 h6 11. Bh4 a6 12. Rc1 b5 13. Ba2 Bb7 14. Qd3 Re8 15. Rfe1 Nh7 16. Bb1 Nf8 17. Bg3 Qb6 18. Ne4 Rad8 19. Nc5 Ba8 20. b4 Bf6 21. Rcd1 Nxd4 22. Nxd4 Rxd4 23. Qc2 Red8 24. Rxd4 Bxd4 25. Kf1 Bd5 26. Ne4 Qb7 27. Rd1 e5 28. f3 Bc4+ 29. Ke1 Qe7 30. Ba2 Rc8 31. Bf2 Be6 32. Qe2 Bxa2 33. Qxa2 Ne6 34. Qb1 Bxf2+ 35. Kxf2 Nd4 36. Nc5 Rc6 37. Qe4 Qc7 38. Kg1 f6 39. f4 a5 40. Re1 axb4 41. axb4 Ne6 42. Qd5 Qd6 43. Qxd6 Rxd6 44. fxe5 fxe5 45. Rxe5 Nd4 46. Ne4 Rc6 47. Rc5 Rxc5 48. Nxc5 Nc6 49. Ne4 Kf8 50. Nc3 1/2-1/2